Czajnik Friendz jak się nazywają naprawdę. - Statystyki

Ogólne statystyki
  • Ten quiz został rozwiązany 3 142 razy
    236 od ostatniego zresetowania
  • Średni wynik to 5 z 9
Statystyki odpowiedzi
Hint Odpowiedź % Poprawnych
Czajnik Sebastian Czajewski
99%
Justek Krzysztof Justyński
72%
Ostry Krystian Ronald/Daniel Ostaszewski
71%
Kinia Kinga Tymoszuk
69%
Daniel Daniel Czajewski
67%
Wera Weronika Grabowska
64%
Wika Wiktoria Grabowska
51%
Zwyklak Maciej Szymczak
25%
Rudy Bartosz
14%
Nie znaleziono quizów pasujących do podanych kryteriów
Rozkład punktacji
Procent ludzi z każdym wynikiem
Percentyl według liczby udzielonych odpowiedzi
Twoja historia wyników
Nie rozwiązałeś tego quizu od ostatniego zresetowania